| 000 | 00359nam a2200133Ia 4500 | ||
|---|---|---|---|
| 008 | 150202s9999 xx 000 0 und d | ||
| 020 | _a812532597 | ||
| 050 |
_aFIC _bFIC |
||
| 100 | _aScottcard, Orson. | ||
| 245 | 4 |
_aThe memory of earth / _cOrson Scottcard. |
|
| 260 |
_aNew York : _bTor Books _c1992. |
||
| 300 |
_a332 pages : _c18 cm. |
||
| 650 | _aFiction. | ||
| 999 |
_c281910 _d281910 |
||